00341nam a2200145Ia 4500008004100000020001800041082000800059100001600067245002700083250000600110260002900116300001600145500002400161650001000185230524s9999 xx 000 0 und d a9788131791073 bNEV aA.M.Neville 0aProperties of Concrete a1 aNew DelhibPearsonc2016 a"XIV,799p;" aQuantity Number: 2 aCivil